00623nam a2200181 i 450000100060000000300090000600500170001500700030003200800410003510000330007624500760010926000440018530000220022965000310025185200210028299900170030395201210032070885ES-MaACL20250714235854.0t|040803s1914 xxu ||||1| eng d1 aGarrison, Fielding H.95577713aAn introduction to the History of Medicine / cby Fielding H. Garrison. aPhiladelphia : bW.B. Saunders, c1914. a763 p. ; c24 cm.04aMedicina-vHistoria914907 aES-MaACLjE-1497 c70885d70885 00104070aATENEOMbATENEOMcDEPO2d2008-01-17eSCl0oE-1497p1074231r2023-02-23 00:00:00w2023-02-23yMONOGRAFIA